Sports Quiz

Random Sports or MLB Quiz

MLB Walk-off Super Slams Quiz Stats

 Plays Quiz not verified by Sporcle

Challenge
Share
Tweet
Embed
Score 0/24 Timer 05:00
0 Plays Today
Year Player % Correct
1925Babe Ruth
63.2%
2002Jason Giambi
50%
2006Adam Dunn
50%
2010Brooks Conrad
47.4%
1956Roberto Clemente
34.2%
2001Brian Giles
34.2%
1952Bobby Thomson
23.7%
1950Jack Phillips
21.1%
1996Chris Hoiles
21.1%
1970Tony Taylor
18.4%
1970Carl Taylor
18.4%
1881Roger Connor
15.8%
Year Player % Correct
1955Del Crandall
15.8%
1983Bo Diaz
15.8%
1988Alan Trammell
15.8%
1936Sammy Byrd
13.2%
1952Eddie Joost
10.5%
1973Ron Lolich
10.5%
1979Roger Freed
10.5%
1984Buddy Bell
10.5%
1985Phil Bradley
10.5%
1956Danny Kravitz
7.9%
1963Ellis Burton
7.9%
1986Dick Schofield
7.9%

You're not logged in!

Compare scores with friends on all Sporcle quizzes.
Join for Free
OR
Log In

You Might Also Like...

Show Comments

Extras

Top Quizzes Today


Score Distribution

Your Account Isn't Verified!

In order to create a playlist on Sporcle, you need to verify the email address you used during registration. Go to your Sporcle Settings to finish the process.

Report this User

Report this user for behavior that violates our Community Guidelines.

Details: